000 00276nam a22001217a 4500
008 180922b xxu||||| |||| 00| 0 eng d
041 _aeng
080 _a541
100 _a12
101 _aKIM
245 _aThe Fundamentals of College Chemistry
_cKing, G.B
942 _2udc
_cBK
999 _c48229
_d48229